Infantilismo psicosexual
Պահպանված է:
| Հիմնական հեղինակ: | |
|---|---|
| Ձևաչափ: | Գիրք |
| Լեզու: | իսպաներեն |
| Հրապարակվել է: |
Buenos Aires
Imán
1954
|
| Շարք: | Biblioteca psicoanalítica. Desórdenes del instinto y del afecto, 5
|
| Խորագրեր: | |
| Ցուցիչներ: |
Ավելացրեք ցուցիչ
Չկան պիտակներ, Եղեք առաջինը, ով նշում է այս գրառումը!
|
MARC
| LEADER | 00000nam a2200000 a 4500 | ||
|---|---|---|---|
| 001 | UCY6130 | ||
| 003 | CL-VaPUC | ||
| 008 | 950521e19540520AG |||||||||||||||||spa|d | ||
| 082 | 0 | 4 | |a 306.7 |b STE |2 21 |
| 100 | 0 | |a Stekel, Wilhelm |e author |9 335842 | |
| 245 | 1 | 0 | |a Infantilismo psicosexual |
| 246 | 1 | 0 | |a Enfermedades psíquicas infantiles en los adultos |
| 300 | |a 694 p | ||
| 942 | |c BK | ||
| 945 | |d 19950521 00:00:00 |a cmena | ||
| 260 | |a Buenos Aires |b Imán |c 1954 | ||
| 650 | 0 | |a Psicología |9 257863 | |
| 650 | 0 | |a Psicoanálisis |9 265702 | |
| 650 | 0 | |a Psicología del niño |9 307305 | |
| 650 | 0 | |a Comportamiento sexual |9 334955 | |
| 650 | 0 | |a Trastornos de la personalidad |9 307698 | |
| 650 | 0 | |a Trastornos del comportamiento |9 311363 | |
| 650 | 0 | |a Psicología clínica |9 307259 | |
| 650 | 0 | |a Enfermedades mentales |9 310204 | |
| 650 | 0 | |a Homosexualidad |9 255614 | |
| 650 | 7 | |a PSICOSIS |2 CL-VaPUC |9 315438 | |
| 650 | 7 | |a PARANOIA |2 CL-VaPUC |9 335741 | |
| 583 | |a last modification |c 19950521 00:00:00 |k Rodrigo Vera | ||
| 490 | 0 | |a Biblioteca psicoanalítica. Desórdenes del instinto y del afecto, 5 | |
| 999 | |c 233712 |d 233710 | ||
| 952 | |0 0 |1 0 |4 0 |6 306_700000000000000_STE_1954 |7 0 |8 X |9 239413 |a BIBEDU |b BIBEDU |d 2019-11-18 |i 1504525 |o 306.7 STE 1954 |p 1504525 |r 2023-01-13 |w 2019-11-18 |y BK_X |k EDU | ||